Bisexualite et difference des sexes /

Uloženo v:
Podrobná bibliografie
Další autoři: Pontalis, Jean-Bertrand
Médium: Kniha
Jazyk:francouzština
Vydáno: Paris : Gallimard, stampa 2000
Edice:Folio. Essais ; 359
Tagy: Přidat tag
Žádné tagy, Buďte první, kdo vytvoří štítek k tomuto záznamu!

MARC

LEADER 00000nam a22000007i 4500
001 IT\ICCU\UBO\1033149
003 ItRI
005 20240708183215.0
008 000714s2000 fr |||||| ||||| |||||c
020 |a 2070411869 
040 |b ita  |c CDM 
041 7 |a fre  |2 ISO-639-2 
245 0 0 |a Bisexualite et difference des sexes /  |c publie sous la direction de di J.-B. Pontalis. 
260 |a Paris :  |b Gallimard,  |c stampa 2000 
300 |a 561 p. ;  |c 18 cm. 
700 1 |a Pontalis, Jean-Bertrand  |0 IT\ICCU\CFIV\079564 
830 0 |a Folio. Essais ;  |v 359  |0 IT\ICCU\BVE\0016430 
942 |2 ddc  |c BK 
952 |0 0  |1 0  |2 ddc  |4 0  |6 306_766000000000000_BIS  |7 1  |9 1580  |a RA  |b RA  |d 2024-07-08  |l 0  |o 306.766 BIS  |p 9329  |r 2024-07-08 18:48:41  |w 2024-07-08  |y BK 
981 1 |6 z01  |a i   |b xxxe  
982 1 |6 z01  |a n 
999 |c 1402  |d 1402